| 000 | 00572nam a22001337a 4500 | ||
|---|---|---|---|
| 040 | _cRUA | ||
| 082 | _aAVM LY 2011 B098 Or.1 | ||
| 100 | _aLY SEN | ||
| 245 | _aStudy on skin parasith of horses in traing district, takeo province, ការសិក្សាពីបរាសិតលើស្បែករបស់សេះ នៅស្រុកទ្រំាង ខេត្តតាកែវ) | ||
| 260 |
_aphnom penh _brua _c2011 |
||
| 300 | _ax, 41. | ||
| 856 | _uhttps://drive.google.com/file/d/1B2VlIPf5oXvN3HGx9NMWiD2KsxPdDW1x/view?usp=sharing | ||
| 942 | _cAVM | ||
| 999 |
_c2521 _d2521 |
||